Superbowl Losing Teams - Statistics

General Stats
  • This quiz has been taken 35 times
  • The average score is 54 of 59
Answer Stats
Hint Answer % Correct
XXV Bills
100%
XXVI Bills
100%
XXVII Bills
100%
XXVIII Bills
100%
XII Broncos
96%
XXI Broncos
96%
XXII Broncos
96%
XXIV Broncos
96%
XLVIII Broncos
96%
I Chiefs
96%
LV Chiefs
96%
LIX Chiefs
96%
V Cowboys
96%
X Cowboys
96%
XIII Cowboys
96%
XXXIII Falcons
96%
LI Falcons
96%
XX Patriots
96%
XXXI Patriots
96%
XLII Patriots
96%
XLVI Patriots
96%
LII Patriots
96%
XL Seahawks
96%
XLIX Seahawks
96%
XLVII 49ers
93%
LIV 49ers
93%
LVIII 49ers
93%
XXXV Giants
93%
XXXVIII Panthers
93%
L Panthers
93%
II Raiders
93%
XXXVII Raiders
93%
XIV Rams
93%
XXXVI Rams
93%
LIII Rams
93%
XXX Steelers
93%
XLV Steelers
93%
IV Vikings
93%
VIII Vikings
93%
IX Vikings
93%
XI Vikings
93%
XVI Bengals
89%
XXIII Bengals
89%
LVI Bengals
89%
XXIX Chargers
89%
XXXII Packers
89%
XLI Bears
86%
XLIII Cardinals
86%
III Colts
86%
XLIV Colts
86%
VI Dolphins
86%
XVII Dolphins
86%
XIX Dolphins
86%
XV Eagles
86%
XXXIX Eagles
86%
LVII Eagles
86%
XXXIV Titans
79%
VII Commanders
71%
XVIII Commanders
71%
No matching quizzes found
Score Distribution
Percent of People with Each Score
Percentile by Number Answered
Your Score History
You have not taken this quiz